01206nam a2200301Ia 4500001001200000003000800012006001900020007001500039008004100054020002500095020002200120040002100142035002100163050002300184245012200207260004400329300002500373504005400398533015200452650003500604651003000639655002900669710001600698710001700714830003000731856012600761999001700887ebr10264156CaPaEBRm u cr cn|||||||||080817s2009 dcua sb 000 0 eng d z9780821376683 (pbk.) z0821376683 (pbk.) aCaPaEBRcCaPaEBR a(OCoLC)47113292514aHC820b.T86 2009eb00aTunisia's global integrationh[electronic resource] :ba second generation of reforms to boost growth and employment. aWashington, D.C. :bWorld Bank,cc2009. aviii, 145 p. :bill. aIncludes bibliographical references (p. 141-145). aElectronic reproduction.bPalo Alto, Calif. :cebrary,d2009.nAvailable via World Wide Web.nAccess may be limited to ebrary affiliated libraries. 0aEconomic forecastingzTunisia. 0aTunisiaxEconomic policy. 7aElectronic books.2local2 aWorld Bank.2 aebrary, Inc. 0aWorld Bank country study.40uhttp://site.ebrary.com/lib/rucke/Doc?id=10264156zAn electronic book accessible through the World Wide Web; click to view c28404d28404